| 000 | 00400nab a2200133 a 4500 | ||
|---|---|---|---|
| 005 | 20210219154001.0 | ||
| 008 | 991125s1985 mx 000 0 spa u | ||
| 035 | _aUPN01000114879 | ||
| 245 | 0 | 0 | _aMORFISMOS |
| 260 |
_aDistrito Federal, México: _bInstituto Politécnico Nacional. Cinvestav |
||
| 530 | _aDisponible tambien en http://www.math.cinvestav.mx | ||
| 653 | 0 | _aMATEMATICAS | |
| 905 | _aRevista | ||
| 999 |
_c88627 _d88627 |
||